The video source book. (Record no. 30668)

MARC details
000 -LEADER
fixed length control field 00786nam a2200205 a 4500
008 - FIXED-LENGTH DATA ELEMENTS--GENERAL INFORMATION
fixed length control field 140811s2003 ||||||||||||||||| || u
020 ## - INTERNATIONAL STANDARD BOOK NUMBER
International Standard Book Number 0787670685
022 ## - INTERNATIONAL STANDARD SERIAL NUMBER
International Standard Serial Number 0748-0881
050 ## - LIBRARY OF CONGRESS CALL NUMBER
Classification number 791.43 Vid
110 ## - MAIN ENTRY--CORPORATE NAME
Corporate name or jurisdiction name as entry element National Video Clearinghouse
245 14 - TITLE STATEMENT
Title The video source book.
250 ## - EDITION STATEMENT
Edition statement 30th ed.
260 ## - PUBLICATION, DISTRIBUTION, ETC.
Place of publication, distribution, etc. Detroit:
Name of publisher, distributor, etc. Thomson/Gale
Date of publication, distribution, etc. 2003
300 ## - PHYSICAL DESCRIPTION
Extent 2v.
362 1# - DATES OF PUBLICATION AND/OR SEQUENTIAL DESIGNATION
Dates of publication and/or sequential designation <p>1st. ed.-</p>
650 #3 - SUBJECT ADDED ENTRY--TOPICAL TERM
Topical term or geographic name entry element VIDEO RECORDING--INDEXES
650 #0 - SUBJECT ADDED ENTRY--TOPICAL TERM
Topical term or geographic name entry element VIDEO RECORDINGS--CATALOGS
995 ## - RECOMMENDATION 995 [LOCAL, UNIMARC FRANCE]
-- CBU-DAG HAMMARSKJOLD INSTITUTE LIBRARY
-- 1
-- REFERENCE
-- Aug 11, 2014
-- American Collection
995 ## - RECOMMENDATION 995 [LOCAL, UNIMARC FRANCE]
-- CBU-DAG HAMMARSKJOLD INSTITUTE LIBRARY
-- 2
-- REFERENCE
-- Aug 11, 2014
-- American Collection
Holdings
Withdrawn status Lost status Source of classification or shelving scheme Damaged status Not for loan Home library Current library Shelving location Date acquired Total Checkouts Full call number Barcode Date last seen Price effective from Koha item type
          CBU-DAG HAMMARSKJOLD INSTITUTE CBU-DAG HAMMARSKJOLD INSTITUTE   11/29/2022   791.43 Vid 0107913 11/29/2022 11/29/2022 MONOGRAPH
          CBU-DAG HAMMARSKJOLD INSTITUTE CBU-DAG HAMMARSKJOLD INSTITUTE   11/29/2022   791.43 Vid 0107841 11/29/2022 11/29/2022 MONOGRAPH